Carbon black/silica master batch from fresh natural rubber latex: A novel process (Record no. 51453)

MARC details
000 -LEADER
fixed length control field 00643nam a2200169Ia 4500
100 ## - MAIN ENTRY--AUTHOR NAME
Personal name Alex R
245 #0 - TITLE STATEMENT
Title Carbon black/silica master batch from fresh natural rubber latex: A novel process
260 ## - PUBLICATION, DISTRIBUTION, ETC. (IMPRINT)
Name of publisher International Conference on Advances in Polymer Science and Rubber Technology (APSRT). Challenges Towards 2020 and Beyond, 3-5 March 2011, Indian Institute of Technology, Kharagpur, India. p. 86.
650 ## - SUBJECT ADDED ENTRY--TOPICAL TERM
Topical Term Carbon black
650 ## - SUBJECT ADDED ENTRY--TOPICAL TERM
Topical Term Latex master batch
650 ## - SUBJECT ADDED ENTRY--TOPICAL TERM
Topical Term Natural rubber latex
650 ## - SUBJECT ADDED ENTRY--TOPICAL TERM
Topical Term Silica
700 ## - ADDED ENTRY--PERSONAL NAME
Personal name Chandra A K
700 ## - ADDED ENTRY--PERSONAL NAME
Personal name Sasidharan K K
942 ## - ADDED ENTRY ELEMENTS (KOHA)
Koha item type Bibliography STAF
Holdings
Withdrawn status Lost status Damaged status Not for loan Home library Current library Shelving location Date acquired Koha item type
      Bibliography RRII Library RRII Library Rubber technology 01/01/2021 Bibliography STAF